000 00387nam a22001697a 4500
003 MPLRDC
005 20220104114620.0
008 210129b ||||| |||| 00| 0 eng d
082 _a857.9 WDZ v.2
100 _a吴道子
245 _a东海来客
_c
250 _a初版
260 _a
_b环球出版社
_c1991
300 _b
650 _a武侠小说
942 _cBK
_o857.9 WDZ v.2
999 _c8862
_d8852